| Tag |
First Indicator |
Second Indicator |
Subfields |
| LEADER |
00000cam a2200000 a 4500 |
| 001 |
in00000592002 |
| 005 |
20151014075537.0 |
| 008 |
870727s1986 ilua b 00110 eng d |
| 020 |
|
|
|a 0810140055 (grades 1-3)
|
| 020 |
|
|
|a 0810140063 (grades 4-6)
|
| 035 |
|
|
|a (OCoLC)16285746
|
| 035 |
|
|
|9 ACP7649AM
|
| 040 |
|
|
|a TXH
|c TXH
|d TXA
|d UtOrBLW
|
| 049 |
|
|
|a [Curr Col] TXAM
|c 1
|v 1 [A10078989]
|v 2 [A10078735]
|c 2
|v 2 [A12441502]
|
| 090 |
|
|
|a PN3171
|b .S67 1986
|
| 100 |
1 |
|
|a Spolin, Viola.
|
| 245 |
1 |
0 |
|a Theater games for the classroom :
|b a teacher's handbook /
|c Viola Spolin, edited by Arthur Morey, Mary Ann Brandt.
|
| 264 |
|
1 |
|a Evanston, IL :
|b Northwestern University Press,
|c 1986.
|
| 300 |
|
|
|a 2 volumes :
|b illustrations ;
|c 23 cm. +
|e supplement (11, 13 pages)
|
| 336 |
|
|
|a text
|b txt
|2 rdacontent
|
| 337 |
|
|
|a unmediated
|b n
|2 rdamedia
|
| 338 |
|
|
|a volume
|b nc
|2 rdacarrier
|
| 504 |
|
|
|a Includes bibliographies and indexes.
|
| 505 |
0 |
|
|a [v. 1] Grades 1-3 -- [v. 2] Grades 4-6.
|
| 650 |
|
0 |
|a Drama in education.
|
| 999 |
|
|
|a MARS
|
| 999 |
f |
f |
|s e070dbb8-0086-3d7a-8368-d5e31ac63ab7
|i aa5c28d7-0417-343d-a813-bfcac552e233
|t 0
|
| 952 |
f |
f |
|p ric
|a Texas A&M University
|b Rellis Campus
|c Joint Library Facility
|d Remote Storage
|t 0
|e PN3171 .S67 1986
|h Library of Congress classification
|i unmediated -- volume
|k v.2
|m A14810078735
|
| 952 |
f |
f |
|p ric
|a Texas A&M University
|b Rellis Campus
|c Joint Library Facility
|d Remote Storage
|t 0
|e PN3171 .S67 1986
|h Library of Congress classification
|i unmediated -- volume
|k v.1
|m A14810078989
|
| 998 |
f |
f |
|a PN3171 .S67 1986
|s v.1-v.2
|t 0
|l Remote Storage
|